[Event "DEN-chT9596"]
[Site "DEN"]
[Date "1995.??.??"]
[Round "3"]
[White "Sorensen, Jan"]
[Black "Mortensen, Erling"]
[Result "1/2-1/2"]
[WhiteElo "2390"]
[BlackElo "2500"]

1.e4 c5 2.Nf3 Nc6 3.d4 cxd4 4.Nxd4 e6 5.Nc3 a6 6.Be2 Nge7 7.f4 b5 8.O-O Bb7
9.Kh1 Nc8 10.Be3 Be7 11.a4 b4 12.Na2 O-O 13.Nb3 d6 14.c3 bxc3 15.Nxc3 Nb6
16.Qd2 Nd7 17.Rad1 Nc5 18.Nxc5 dxc5 19.Bf3 Qb6 20.a5 Qc7 21.Na4 Nxa5 22.Qc3 Rac8
23.b4 cxb4 24.Qxc7 Rxc7 25.Bb6 Rc4 26.Bxa5 Bxe4 27.Nb6 Bxf3 28.Nxc4 Bxd1
29.Rxd1 Rb8 30.Ne5 Bf8 31.Nc6 Rc8 32.Nxb4 Rc5 33.Bd8 a5 34.Na6 Rc6 35.Nb8 Rc8
36.Na6 a4 37.Ba5 Ra8 38.Bb4 a3 39.Bxf8 Kxf8 40.Nb4 Ra4 41.Na2 Rxf4 42.Kg1 Rc4
43.Rd8+ Ke7 44.Ra8 f5 45.Rxa3 Kf6 46.Nc3 h5 47.Kf2 h4 48.Ne2  1/2-1/2

[Event "Dortmund"]
[Site "Dortmund"]
[Date "1995.??.??"]
[Round "4"]
[White "Leko, Peter"]
[Black "Lautier, Joel"]
[Result "1/2-1/2"]
[WhiteElo "2605"]
[BlackElo "2650"]

1.e4 c5 2.Nf3 Nc6 3.d4 cxd4 4.Nxd4 e6 5.Nc3 Qc7 6.g3 a6 7.Bg2 Nf6 8.O-O Bc5
9.Nb3 Ba7 10.Bg5 Ne5 11.Qe2 d6 12.Kh1 h6 13.Bxf6 gxf6 14.f4 Nc4 15.f5 Ne3
16.Rf3 Nxg2 17.Kxg2 Bd7 18.fxe6 fxe6 19.Rxf6 h5 20.Rd1 O-O-O 21.h4 Kb8 22.Nd4 Qc5
23.Nf3 Rhf8 24.Rxf8 Rxf8  1/2-1/2

[Event "Dresden op"]
[Site "Dresden"]
[Date "1995.??.??"]
[Round "?"]
[White "Chernyshov, Konstantin"]
[Black "Jolowicz, Matias"]
[Result "1-0"]
[WhiteElo "2505"]
[BlackElo "2255"]

1.e4 c5 2.Nf3 e6 3.d4 cxd4 4.Nxd4 Nc6 5.Nc3 Qc7 6.Be2 a6 7.O-O b5 8.Nxc6 Qxc6
9.e5 Bb7 10.Bf3 Qc7 11.Re1 Ne7 12.Ne4 Nf5 13.Bf4 Nh4 14.Bh5 Ng6 15.Bg3 Be7
16.Qd4 Rc8 17.Bf3 Rd8 18.Nd6+ Bxd6 19.exd6 Qc8 20.Bxb7 Qxb7 21.Qxg7 Rc8 22.h4 h5
23.Re5 Rf8 24.Rg5  1-0

[Event "Nord Cup 1st"]
[Site "Duesseldorf"]
[Date "1995.??.??"]
[Round "5"]
[White "Stillger, Bernhard"]
[Black "Lemanczyk, Thomas"]
[Result "1-0"]
[WhiteElo "2310"]
[BlackElo "2235"]

1.e4 c5 2.Nf3 e6 3.d4 cxd4 4.Nxd4 Nc6 5.Nc3 Qc7 6.Be2 a6 7.O-O Nf6 8.Kh1 Nxd4
9.Qxd4 Bc5 10.Qd3 b5 11.f4 Bb7 12.Bf3 h5 13.e5 Ng4 14.Bxb7 Qxb7 15.Ne4 Be7
16.Be3 Nxe3 17.Qxe3 Qc6 18.Rfd1 O-O 19.c3 Rfc8 20.Rd3 Rc7 21.Rad1 Raa7 22.Nd6 Bxd6
23.exd6 Rcb7 24.f5 exf5 25.Qe8+ Kh7 26.Qxf7 Qe4 27.Rh3 h4 28.Qh5+ Kg8 29.Rxh4 Qe6
30.Rf1  1-0

[Event "HUN-ch (Women) B"]
[Site "Eger"]
[Date "1995.??.??"]
[Round "?"]
[White "Porubszky Angyalosine, Maria A"]
[Black "Albert, Kornelia"]
[Result "1/2-1/2"]
[WhiteElo "2225"]
[BlackElo "2110"]

1.e4 c5 2.Nf3 e6 3.d4 cxd4 4.Nxd4 Nc6 5.Nc3 Qc7 6.g3 a6 7.Bg2 Nf6 8.O-O d6
9.Re1 Bd7 10.a4 Be7 11.Nb3 O-O 12.f4 Rfd8 13.Be3 Na5 14.Nxa5 Qxa5 15.h3 Qb4
16.Qd4 Qxd4 17.Bxd4 Bc6 18.Bb6 Rdc8 19.Rad1 Nd7 20.Bf2 b5 21.axb5 axb5 22.Nd5 Bxd5
23.exd5 e5 24.fxe5 Rxc2 25.e6 Nf6 26.Bd4 b4 27.Re3 Rac8 28.Rde1 R8c7 29.Be4 Nxe4
30.exf7+ Kxf7 31.Rxe4 Bf6 32.Bxf6 gxf6 33.Rxb4 Rd2 34.Rb6 Rcc2 35.Rb7+ Kg6
36.h4 Rg2+ 37.Kh1 Rh2+ 38.Kg1 Rcg2+ 39.Kf1 Rf2+ 40.Kg1 Rfg2+ 41.Kf1 Rf2+  1/2-1/2

[Event "Eger Cup"]
[Site "Eger"]
[Date "1995.??.??"]
[Round "?"]
[White "Dovzik, Juri"]
[Black "Jagicza, Istvan"]
[Result "1-0"]
[WhiteElo "2370"]
[BlackElo "2320"]

1.e4 c5 2.Nf3 Nc6 3.d4 cxd4 4.Nxd4 e6 5.Nc3 Nf6 6.Ndb5 d6 7.Bf4 Ne5 8.Qd4 a6
9.O-O-O axb5 10.Bxe5 Nd5 11.Bxb5+ Bd7 12.Bxd7+ Kxd7 13.exd5  1-0

[Event "Elenite"]
[Site "Elenite"]
[Date "1995.??.??"]
[Round "1"]
[White "Short, Nigel D"]
[Black "Miladinovic, Igor"]
[Result "1-0"]
[WhiteElo "2645"]
[BlackElo "2555"]

1.e4 c5 2.Nc3 Nc6 3.Nge2 e6 4.d4 cxd4 5.Nxd4 Qc7 6.Be2 a6 7.O-O Nf6 8.a3 Nxd4
9.Qxd4 Bd6 10.Kh1 Be5 11.Qe3 d5 12.exd5 O-O 13.dxe6 Bxe6 14.Bd2 Rad8 15.h3 Rfe8
16.Bd3 Bd7 17.Qg5 h6 18.Qh4 Bf5 19.Bxf5 Rxd2 20.Bd3 Bxc3 21.bxc3 Qxc3 22.a4 Rxd3
23.cxd3 Qxd3 24.Qb4 b5 25.axb5 axb5 26.Rad1 Qf5 27.Kg1 h5 28.Rfe1 Rc8 29.Qb1 Rc5
30.Rd8+ Kh7 31.Rb8 g6 32.Qxf5 Rxf5 33.Rb7 Kg7 34.g3 h4 35.g4 Rf4 36.Rxb5 Nh7
37.Rbe5 Nf8 38.R1e4 Rf3 39.Kg2 Ra3 40.g5 Ne6 41.Rxh4  1-0

[Event "Elgoibar"]
[Site "Elgoibar"]
[Date "1995.??.??"]
[Round "2"]
[White "Campora, Daniel H"]
[Black "Sion Castro, Marcelino"]
[Result "1/2-1/2"]
[WhiteElo "2550"]
[BlackElo "2375"]

1.e4 c5 2.Nf3 e6 3.d4 cxd4 4.Nxd4 Nc6 5.Nc3 a6 6.Be2 Qc7 7.O-O Nf6 8.Kh1 Nxd4
9.Qxd4 Bc5 10.Qd3 b5 11.f4 O-O 12.e5 Ne8 13.Ne4 Be7 14.Qh3 d6 15.Bd3 g6 16.Qg3 Bb7
17.Bd2 dxe5 18.fxe5 f5 19.exf6 Qxg3 20.hxg3 Nxf6 21.Nxf6+ Bxf6 22.Bb4 Rf7
23.Rab1 Rd8 24.Rxf6 Rxf6 25.Be7 Rxd3 26.cxd3 Rf2 27.Kh2 Bxg2 28.g4 Bd5+ 29.Kg3 Rf7
30.Bd6 g5 31.Rc1 Rf3+ 32.Kh2 Rf2+ 33.Kh3 Rf3+ 34.Kh2 Rf2+ 35.Kh3 Rf3+  1/2-1/2

[Event "RUS-ch"]
[Site "Elista"]
[Date "1995.??.??"]
[Round "1"]
[White "Dolmatov, Sergey"]
[Black "Tunik, Gennady"]
[Result "1/2-1/2"]
[WhiteElo "2615"]
[BlackElo "2515"]

1.e4 c5 2.Nf3 Nc6 3.d4 cxd4 4.Nxd4 e6 5.Nc3 a6 6.Be2 Qc7 7.O-O Nf6 8.Kh1 Nxd4
9.Qxd4 Bc5 10.Qd3 b5 11.f4 h5 12.e5 Ng4 13.Bf3 Bb7 14.Bxb7 Qxb7 15.Ne4 Be7
16.b3 Nh6 17.Bb2 Nf5 18.Rae1 Rc8 19.Re2 h4 20.Qf3 Qc6 21.Rd1 Bc5 22.Rd3 Be7
23.Rc3 Qa8 24.Rxc8+ Qxc8 25.Qh3 Rh6 26.c4 Qc6 27.cxb5 Qd5 28.Qc3 Qxb5 29.Re1 f6
30.Qc4  1/2-1/2

[Event "RUS-ch"]
[Site "Elista"]
[Date "1995.??.??"]
[Round "3"]
[White "Korneev, Oleg"]
[Black "Tunik, Gennady"]
[Result "0-1"]
[WhiteElo "2605"]
[BlackElo "2515"]

1.e4 c5 2.Nf3 Nc6 3.d4 cxd4 4.Nxd4 e6 5.Nc3 a6 6.Be3 Qc7 7.Be2 Nf6 8.O-O Bb4
9.Na4 Be7 10.c4 Nxe4 11.c5 O-O 12.Rc1 Rd8 13.Bf3 Nf6 14.g3 g6 15.Nb6 Rb8
16.Qa4 e5 17.Nb3 d5 18.cxd6 Rxd6 19.Na5 Bh3 20.Rfe1 Re6 21.Nxc6 bxc6 22.Bxc6 Qd8
23.Qxa6 Ng4 24.Nd5 Qxd5  0-1

[Event "RUS-ch"]
[Site "Elista"]
[Date "1995.??.??"]
[Round "4"]
[White "Svidler, Peter"]
[Black "Kharlov, Andrei"]
[Result "1/2-1/2"]
[WhiteElo "2635"]
[BlackElo "2555"]

1.e4 c5 2.Nf3 e6 3.Nc3 Nc6 4.d4 cxd4 5.Nxd4 Nf6 6.g3 d5 7.Bg2 Qb6 8.Nb3 d4
9.Ne2 e5 10.O-O Bg4 11.h3 Bxe2 12.Qxe2 Be7 13.Bd2 O-O 14.a4 Bb4 15.a5 Qc7
16.Bg5 Nd7 17.Qc4 h6 18.Bc1 Rac8 19.c3 dxc3 20.bxc3 Be7 21.Be3 a6 22.Rfc1 Nd8
23.Qe2 Nc5 24.Rcb1 Nxb3 25.Rxb3 Bc5 26.Bxc5 Qxc5 27.Bf1 Rc7 28.Qb2 Re8 29.Ra4 Qd6
30.h4 Qd7 31.Qa1 Qc8 32.Kh2 Rc5 33.Qa3 Qc7 34.Qb4 Re6 35.Bc4 Rec6 36.Bd5 Rb5
37.Qa3 Rxb3 38.Qxb3 Rxc3 39.Qd1 Nc6 40.Qh5 Nd4 41.Rb4 Nb5 42.Rb2 Qe7 43.Kg2 Rc7
44.Qf3 g6 45.h5 g5 46.Qe3 Kg7 47.Rb3 g4 48.Qb6 Nd6 49.Qe3 Nb5 50.Qb6 Qf6
51.Qxf6+ Kxf6 52.f4 gxf3+ 53.Rxf3+ Kg7 54.Rb3 Kf8 55.Kh3 Ke7 56.Kg4 Nd6 57.Rb6 Kd7
58.Kh4 Rc5 59.Bxb7 Rxa5 60.g4 Ra1 61.Bd5 Ke7 62.Rb8 Rf1 63.Ra8 Rf6 64.Kh3 Nb5
65.g5 hxg5 66.Kg4 Nd4 67.Kxg5 Nf3+ 68.Kg4 Rf4+ 69.Kg3 Kf6 70.Rxa6+ Kg7 71.h6+ Kh7
72.Ra7 Ng5 73.Re7 Nxe4+  1/2-1/2

[Event "RUS-ch"]
[Site "Elista"]
[Date "1995.??.??"]
[Round "6"]
[White "Svidler, Peter"]
[Black "Fominyh, Alexander"]
[Result "1/2-1/2"]
[WhiteElo "2635"]
[BlackElo "2515"]

1.e4 c5 2.Nf3 e6 3.d4 cxd4 4.Nxd4 Nc6 5.Nc3 Qc7 6.Be2 a6 7.O-O Nf6 8.Kh1 Bc5
9.Be3 Ne7 10.f4 d6 11.Qd2 O-O 12.a3 b5 13.b4 Bb6 14.Bd3 e5 15.fxe5 dxe5 16.Nde2 Ng4
17.Bxb6 Qxb6 18.Ng3 Be6 19.Rae1 Rad8 20.h3 Nh6 21.Nh5 Kh8 22.Qg5 Ng6 23.Nxg7 Kxg7
24.Qf6+ Kg8 25.Qg5  1/2-1/2

[Event "RUS-ch"]
[Site "Elista"]
[Date "1995.??.??"]
[Round "7"]
[White "Dolmatov, Sergey"]
[Black "Kalegin, Evgenij"]
[Result "1/2-1/2"]
[WhiteElo "2615"]
[BlackElo "2475"]

1.e4 c5 2.Nf3 e6 3.d4 cxd4 4.Nxd4 Nc6 5.Nc3 Qc7 6.Be2 a6 7.O-O Nf6 8.Kh1 Be7
9.f4 d6 10.Be3 O-O 11.a4 Re8 12.Bf3 Rb8 13.g4 Nxd4 14.Bxd4 e5 15.fxe5 dxe5
16.Ba7 Ra8 17.g5 Bb4 18.Na2 Ba5 19.Be3 Rd8 20.Qe2 Ne8 21.c4 Be6 22.Rfc1 Qe7
23.Nc3 Bxc3 24.Rxc3 Nc7 25.c5 Bd7 26.b4 Ne6 27.h4 Qe8 28.Qc2 Bc6 29.Bg2 Nd4
30.Qa2 Rac8 31.Kh2 Rc7 32.Bf2 Ne6 33.Qc2 Nf4 34.Bf1 Qd7 35.Re3 Qg4 36.Be1 Rcd7
37.Qf2 Rd4 38.Qg3 Qe6 39.Qf3 Qg6 40.Bc3 Rxe4 41.Rxe4 Bxe4 42.Rd1 Rd5 43.Rxd5 Bxd5
44.Qe3 Qc2+ 45.Kg1 f6 46.b5 axb5 47.axb5 Qb1 48.Kf2 Qf5 49.Ke1 Qg4 50.gxf6 Qxh4+
51.Qf2 Qxf6 52.c6 bxc6 53.b6 Qe7 54.Qe3 Ng2+ 55.Bxg2 Bxg2 56.Bxe5 c5 57.Kd2 Qd8+
58.Qd3 Qxb6 59.Qc4+ Kf8 60.Qf4+ Ke8 61.Qe3 Qd8+ 62.Bd6+ Kf7 63.Qxc5 Qd7 64.Qc7 Qxc7
65.Bxc7 Ke6 66.Ke3 Kf5 67.Kf2 Bc6 68.Kg3 g5 69.Bd8 h5 70.Be7 Bd7 71.Bd8 h4+
72.Kh2 Kg4 73.Be7 Kh5 74.Bb4 Bc6 75.Ba5 g4 76.Be1  1/2-1/2

[Event "Enghien les Bains"]
[Site "Enghien les Bains"]
[Date "1995.??.??"]
[Round "2"]
[White "Payen, Arnaud"]
[Black "Borulia, Ekaterina"]
[Result "1-0"]
[WhiteElo "2345"]
[BlackElo "2370"]

1.e4 c5 2.Nf3 e6 3.d4 cxd4 4.Nxd4 Nc6 5.Nc3 Qc7 6.Be2 a6 7.O-O Nf6 8.Kh1 Bb4
9.Bg5 Bxc3 10.Bxf6 gxf6 11.bxc3 Ne7 12.Qd2 d5 13.exd5 Nxd5 14.c4 Nf4 15.Bd3 Bd7
16.Ne2 Nxe2 17.Qxe2 Bc6 18.Qh5 O-O-O 19.f3 Rhg8 20.Rae1 Rg5 21.Qh6 Rdg8 22.Bxh7 Rh8
23.h3 Qg3 24.Re2 Rg7 25.Qxg7 Qxg7 26.Be4 Bxe4 27.fxe4 Qg6 28.Rf4 Rd8 29.Kh2 Qg5
30.Ref2 Qe5 31.g3 Rd1 32.h4 Re1 33.Rxf6 Rxe4 34.R2f3 Re2+ 35.Kh3  1-0

[Event "Enghien les Bains"]
[Site "Enghien les Bains"]
[Date "1995.??.??"]
[Round "4"]
[White "Payen, Arnaud"]
[Black "Srokowski, Jaroslav"]
[Result "1/2-1/2"]
[WhiteElo "2345"]
[BlackElo "2435"]

1.e4 c5 2.Nf3 e6 3.d4 cxd4 4.Nxd4 Nc6 5.Nc3 Qc7 6.Be2 a6 7.O-O Nf6 8.Kh1 Nxd4
9.Qxd4 Bc5 10.Bf4 Bxd4 11.Bxc7 Bxc3 12.bxc3 Nxe4 13.c4 d5 14.cxd5 exd5 15.f3 Nf6
16.Rfb1 O-O 17.a4 Bf5 18.Bd3 Bxd3 19.cxd3 b5 20.axb5 axb5 21.Rxa8 Rxa8 22.Kg1 Ne8
23.Bb6 Rb8 24.Rxb5 f6 25.Rb4 Nc7 26.Bc5 Rxb4 27.Bxb4 Ne6 28.Bd6 Kf7 29.Kf2 Ke8
30.g4 Kd7 31.Bg3 Kc6 32.h4 g6 33.Ke2 h5 34.Kd2 Nd4 35.Ke3 Ne6 36.Kd2 Kb5
37.Bd6 Kc6 38.Bg3 Kb5 39.Bd6 Nd4 40.Ke3 Ne6 41.Kd2 f5 42.gxh5 gxh5 43.Kc3 d4+
44.Kd2 Kc6 45.Be5 Kc5 46.Ke2 Kb4 47.Kd2 Kb3 48.Bf6 Kb4 49.Be5 Kc5 50.Ke2 Kd5
51.Bb8 Nc5 52.Bf4 Nd7 53.Kd2 Nf8 54.Ke2 Ng6 55.Bg3 Kc5 56.Kd2 Kb4 57.Bf2 Kc5
58.Bg3 f4 59.Be1 Ne7 60.Ke2 Nf5 61.Bd2 Nxh4 62.Bxf4 Kb4 63.Bg5 Nf5 64.Kd2 Kb3
65.Bf6 h4 66.Be5 h3 67.Ke2 Kc3 68.Kf2 Kxd3 69.Bxd4 Kxd4 70.Kg1  1/2-1/2

[Event "Eupen op rapid"]
[Site "Eupen"]
[Date "1995.??.??"]
[Round "5"]
[White "Balashov, Yuri S"]
[Black "Lazarev, Vladimir"]
[Result "1/2-1/2"]
[WhiteElo "2505"]
[BlackElo "2410"]

1.e4 c5 2.Nc3 Nc6 3.Nge2 e6 4.d4 cxd4 5.Nxd4 Qc7 6.Be3 a6 7.Bd3 Nf6 8.O-O Ne5
9.h3 Bc5 10.Qe2 d6 11.f4 Ng6 12.Nb3 Bxe3+ 13.Qxe3 b5 14.a4 b4 15.Ne2 O-O
16.a5 Rb8 17.Rae1 Bb7 18.Ned4 Rfe8 19.Nf3 e5 20.fxe5 Nxe5 21.Nxe5 Rxe5 22.Qd4 h6
23.Nd2 Rbe8 24.Nc4 R5e6 25.Qb6 Qxb6+ 26.axb6 d5 27.Na5 dxe4 28.Nxb7 exd3
29.Rxe6 Rxe6 30.Nc5 Rxb6 31.Nxd3 Kf8 32.Rf4 Nd5 33.Rd4 Rb5 34.Kf2 Ke7 35.b3 a5
36.Rc4 Kd6 37.Rc8 Ne7 38.Ra8 Nc6 39.Ke3 Rg5 40.g4 h5 41.Kf4 f6 42.Re8 hxg4
43.hxg4 Kd7 44.Re2 Nd4 45.Rd2 Ke7 46.Nb2 Ne6+ 47.Kf3 f5 48.gxf5 Rxf5+ 49.Ke4 Rc5
50.Nd3 Rh5 51.Rg2 Kd6 52.Nb2 Re5+ 53.Kf3 Rc5 54.Ke4 g5 55.Rd2+ Ke7 56.Nd3 Rc3
57.Ne5 Kf6 58.Ng4+ Ke7 59.Ne5 Kf6 60.Ng4+ Kg7 61.Rd7+ Kf8 62.Kf5 Nc5 63.Rd2 a4
64.bxa4 Nxa4 65.Kxg5  1/2-1/2

[Event "FIN-chT"]
[Site "FIN"]
[Date "1995.??.??"]
[Round "?"]
[White "Paldanius, Pekka"]
[Black "Sorri, Kari Juhani"]
[Result "0-1"]
[WhiteElo "2275"]
[BlackElo "2335"]

1.e4 c5 2.Nf3 Nc6 3.d4 cxd4 4.Nxd4 e6 5.Nc3 a6 6.g3 Nge7 7.Nb3 Ng6 8.Bg2 Be7
9.O-O O-O 10.a4 Na5 11.Nxa5 Qxa5 12.Bd2 Bb4 13.Nb1 Bxd2 14.Nxd2 Qc7 15.b3 Rb8
16.a5 Rd8 17.Nc4 d6 18.Nb6 Bd7 19.c4 Ne5 20.Qd2 Be8 21.Rfc1 f6 22.b4 Bh5
23.Qe3 Bf7 24.f4 Nc6 25.b5 Ne7 26.bxa6 bxa6 27.c5 dxc5 28.Rxc5 Qd6 29.Rac1 e5
30.fxe5 fxe5 31.Rc7 Ng6 32.Bf1 Nf8 33.Bxa6 Ne6 34.R7c6 Qd4 35.Qf2 Qxe4 36.Rf1 Ng5
37.Rc7 Nh3+  0-1

[Event "FIN-chT"]
[Site "FIN"]
[Date "1995.??.??"]
[Round "?"]
[White "Pyhala, Antti"]
[Black "Kanko, Ilkka"]
[Result "0-1"]
[WhiteElo "2350"]
[BlackElo "2345"]

1.e4 c5 2.Nf3 e6 3.d4 cxd4 4.Nxd4 Nc6 5.Nc3 Qc7 6.Ndb5 Qb8 7.Be3 a6 8.Bb6 axb5
9.Nxb5 Bb4+ 10.c3 Ba5 11.Nc7+ Qxc7 12.Bxc7 Bxc7 13.Qg4 Kf8 14.f4 Nf6 15.Qf3 d5
16.e5 Ne4 17.Bd3 Nc5 18.Bc2 Bb6 19.a4 g6 20.b4 Nd7 21.a5 Bc7 22.O-O Kg7 23.g4 h5
24.h3 hxg4 25.hxg4 b6 26.Kg2 bxa5 27.b5 Ne7 28.f5 exf5 29.gxf5 gxf5 30.Rh1 Nxe5
31.Qg3+ N7g6 32.Rxh8 Kxh8 33.Rh1+ Kg7 34.Qh2 Bb7 35.Qh7+ Kf6 36.Rh5 Nf4+
37.Kf1 Nxh5 38.Qxh5 Rg8 39.Qxf5+ Ke7 40.Qf2 Nc4 41.Qa7 Rb8 42.Qf2 Bb6 43.Qh4+ f6
44.Qh7+ Kd6 45.Bf5 Bc8 46.Qh2+ Ne5 47.Qh8 Bxf5 48.Qxb8+ Kc5 49.Qf8+ Kxb5
50.Qxf6 Bd3+ 51.Ke1 Nc6 52.Kd2 Bc4 53.Kc2 a4 54.Qd6 Bc5 55.Qd7 a3 56.Qb7+ Bb6
57.Kb1 a2+ 58.Kb2 Ne5 59.Ka1 Nc6 60.Kb2 d4 61.cxd4 Nxd4 62.Qd7+ Nc6 63.Qb7 Bd5
64.Ka1 Be6 65.Kb2 Bc4 66.Ka1 Nd4 67.Qd7+ Ka5 68.Kb2 Nb5 69.Qd2+ Ka6 70.Qb4 Bd4+
71.Kc2 Bd5 72.Qf8 a1=Q 73.Qc8+ Bb7 74.Qe6+ Ka7 75.Qe7 Qc3+ 76.Kd1 Qd3+ 77.Kc1 Be3+
78.Kb2 Qc3+ 79.Kb1 Qb3+  0-1

[Event "Finkenstein op"]
[Site "Finkenstein"]
[Date "1995.??.??"]
[Round "1"]
[White "Wiesinger, Johann"]
[Black "Kragelj, Igor"]
[Result "0-1"]
[WhiteElo "1785"]
[BlackElo "2245"]

1.e4 c5 2.Nf3 Nc6 3.d4 cxd4 4.Nxd4 e6 5.Nc3 Qc7 6.Be3 a6 7.a3 Nf6 8.Be2 Be7
9.O-O O-O 10.Qd2 d6 11.f4 Bd7 12.Bf3 Rad8 13.Rad1 b5 14.b4 Nxd4 15.Qxd4 Rc8
16.Rd3 e5 17.fxe5 dxe5 18.Qb6 Qxb6 19.Bxb6 Rc6 20.Be3 Rfc8 21.Nd5 Nxd5 22.exd5 Rc3
23.Rfd1 Bd6 24.Rxc3 Rxc3 25.Rd3 Rxc2 26.Bd1 Rc8 27.Bd2 f6 28.Rc3 Rxc3 29.Bxc3 Bc7
30.Bd2 Bb6+ 31.Kf1 Kf7 32.Bf3 Bc8 33.g4 Ke7 34.h4 Bd4 35.Bc1 Kd6 36.Be4 Bxg4  0-1

[Event "FRA-chT"]
[Site "FRA"]
[Date "1995.??.??"]
[Round "?"]
[White "Hamdouchi, Hichem"]
[Black "Ljubojevic, Ljubomir"]
[Result "1/2-1/2"]
[WhiteElo "2555"]
[BlackElo "2580"]

1.e4 c5 2.Nf3 e6 3.d4 cxd4 4.Nxd4 Nc6 5.Nc3 Qc7 6.g3 a6 7.Bg2 d6 8.O-O Nf6
9.Kh1 Bd7 10.a4 Be7 11.f4 Rd8 12.Nb3 Na5 13.Nxa5 Qxa5 14.Bd2 Qc7 15.g4 Bc8
16.Qe2 h6 17.Rae1 b6 18.Be3 Bb7 19.g5 hxg5 20.fxg5 Nd7 21.Qf2 f6 22.Qg3 Ne5
23.Bh3 Bc8 24.Bg2 fxg5 25.Bxg5 Bxg5 26.Qxg5 Qe7 27.Qg3 Qh4 28.Kg1 Qxg3 29.hxg3 Ke7
30.Ne2 Bd7 31.b3 Rc8 32.c3 Rc7 33.Rd1 Be8 34.Rc1 Nd3 35.Rc2 Ne5 36.Nd4 Bd7
37.Rfc1 b5 38.axb5 axb5 39.Bf1  1/2-1/2

[Event "Gausdal Int"]
[Site "Gausdal"]
[Date "1995.??.??"]
[Round "1"]
[White "Emms, John M"]
[Black "Sutovskij, Emil"]
[Result "1-0"]
[WhiteElo "2500"]
[BlackElo "2530"]

1.e4 c5 2.Nf3 Nc6 3.Nc3 e6 4.d4 cxd4 5.Nxd4 Nf6 6.Nxc6 bxc6 7.e5 Nd5 8.Ne4 Qa5+
9.Bd2 Qc7 10.f4 Qb6 11.Bd3 Be7 12.Qe2 f5 13.exf6 Nxf6 14.Bc3 O-O 15.Nxf6+ Bxf6
16.Bxf6 gxf6 17.O-O-O Rb8 18.b3 d5 19.Qg4+ Kf7 20.Bxh7 a5 21.Rhe1 a4 22.Bf5 Re8
23.Bg6+ Kf8 24.Bxe8 axb3 25.Qg6 Ke7 26.axb3  1-0

[Event "Troll Masters"]
[Site "Gausdal"]
[Date "1995.??.??"]
[Round "2"]
[White "Kristensen, Bjarke"]
[Black "Gullaksen, Eirik T"]
[Result "1/2-1/2"]
[WhiteElo "2455"]
[BlackElo "2365"]

1.e4 c5 2.Nf3 e6 3.d4 cxd4 4.Nxd4 Nc6 5.Nc3 Nf6 6.g3 Bc5 7.Nb3 Be7 8.Bg2 d6
9.O-O a6 10.a4 h5 11.h3 Qc7 12.a5 Bd7 13.Be3 Rc8 14.Na4 Ne5 15.Nb6 Nc4 16.Nxd7 Nxd7
17.Bc1 Nc5 18.Nxc5 Qxc5 19.c3 Qb5 20.Qe2 Qb3 21.Qd1 Qb5 22.Qa4 Qxa4 23.Rxa4 Bd8
24.Rd1 Rc6 25.b4 Bf6 26.e5 Bxe5 27.Bxc6+ bxc6 28.Ra2 d5 29.Rc2 Kd7 30.Kg2 Rb8
31.Be3 Bf6 32.g4 Rh8 33.Bc1 Be5 34.g5 g6 35.Be3 Rb8 36.Bd4 Bxd4 37.Rxd4 Rb5
38.Rf4 Ke7 39.Rc1 Ne5  1/2-1/2

[Event "Geneve op"]
[Site "Geneve"]
[Date "1995.??.??"]
[Round "4"]
[White "Ekstroem, Roland"]
[Black "Barkhagen, Jonas"]
[Result "1/2-1/2"]
[WhiteElo "2430"]
[BlackElo "2400"]

1.e4 c5 2.Nf3 Nc6 3.d4 cxd4 4.Nxd4 e6 5.Nc3 a6 6.Be2 Qc7 7.O-O Nf6 8.Be3 Bb4
9.Na4 Be7 10.c4 Nxe4 11.c5 Nf6 12.Bf3 O-O 13.Rc1 Rb8 14.g3 g6 15.Nb6 Rd8
16.Qa4 e5 17.Nb3 d5  1/2-1/2

[Event "Geneve op"]
[Site "Geneve"]
[Date "1995.??.??"]
[Round "8"]
[White "Efimov, Igor"]
[Black "Lukasiewicz, Grzegorz"]
[Result "0-1"]
[WhiteElo "2460"]
[BlackElo "2355"]

1.e4 c5 2.Nf3 e6 3.d4 cxd4 4.Nxd4 Nc6 5.Nc3 Qc7 6.Be2 a6 7.O-O Nf6 8.Nxc6 bxc6
9.f4 d6 10.Kh1 Be7 11.Bd3 e5 12.Qf3 Be6 13.b3 h5 14.Qe2 h4 15.f5 Bc8 16.Na4 Nh5
17.Be3 Nf4 18.Bxf4 exf4 19.Rxf4 Bf6 20.Rd1 Be5 21.Rf3 g5 22.fxg6 fxg6 23.Rf2 Bg3
24.e5 d5 25.Bxg6+ Kd8 26.Rf7 Qxe5 27.Qf3 Be6 28.Nb6 Rb8 29.Nc4 Qg5 30.Na5 Rb6
31.Rf8+ Rxf8 32.Qxf8+ Kc7 33.Qg7+ Bd7 34.hxg3 hxg3 35.Qh7 Rb8 36.Nxc6 Kxc6
37.Be4 Be6 38.Bf3 Qe5  0-1

[Event "Genting zt"]
[Site "Genting"]
[Date "1995.??.??"]
[Round "6"]
[White "Donguines, Fernie"]
[Black "Sandler, Leonid"]
[Result "0-1"]
[WhiteElo "2380"]
[BlackElo "2375"]

1.e4 c5 2.Nc3 Nc6 3.Nge2 e6 4.d4 cxd4 5.Nxd4 Qc7 6.g3 a6 7.Bg2 d6 8.O-O Nf6
9.a4 Be7 10.Nb3 b6 11.f4 Bb7 12.Qe2 O-O 13.g4 Rfe8 14.g5 Nd7 15.Be3 Bf8 16.Rad1 Rac8
17.h4 Na5 18.Nd4 Nc4 19.Bc1 e5 20.Nf5 exf4 21.Rxf4 Nce5 22.Kh1 Nc5 23.Ne3 Ng6
24.Rg4 Ne6 25.Nf5 d5 26.exd5 Nef4 27.Qf1 Nxg2 28.Rxg2 Qd7 29.h5 Ne7 30.Nh6+ gxh6
31.gxh6+ Ng6 32.Qf3 Rc4 33.Bg5 Re5 34.hxg6 fxg6 35.b3 Rxc3 36.Qxc3 Rxd5 37.Rf1 Rf5
38.Bf4 Qd5 39.Qc4 Qxc4 40.bxc4 Bxh6  0-1

[Event "BL2-N9495"]
[Site "Germany"]
[Date "1995.??.??"]
[Round "?"]
[White "Berndt, Stephan"]
[Black "Vandrey, Wolfgang"]
[Result "1-0"]
[WhiteElo "2310"]
[BlackElo "2280"]

1.e4 c5 2.Nf3 e6 3.d4 cxd4 4.Nxd4 Nc6 5.Nc3 a6 6.Be3 Nge7 7.Nb3 d6 8.a4 b6
9.Be2 Na5 10.O-O Nec6 11.Nd4 Rb8 12.Qe1 Nxd4 13.Bxd4 Nc6 14.Be3 Be7 15.Rd1 Qc7
16.f4 O-O 17.Qg3 Kh8 18.Bd3 Nb4 19.Bd4 f6 20.f5 e5 21.Bf2 Bb7 22.Rd2 Bc6
23.Rfd1 b5 24.axb5 axb5 25.Bf1 Qb7 26.Nd5 Nxd5 27.exd5 Bd7 28.Qf3 Ra8 29.Bd3 Ra2
30.c3 b4 31.c4 b3 32.c5 dxc5 33.d6 Qxf3 34.gxf3 Bd8 35.Bxc5 Ba5 36.Re2 Ra4
37.Re4 Rc8 38.Rxa4 Bxa4 39.Bf2 Bb4 40.Be4 Rd8 41.Ra1 Bb5 42.Bb6 Rf8 43.Bc7 g6
44.fxg6 hxg6 45.Kg2 Bd7 46.Bd5 Bc5 47.Bxb3 Bd4 48.Ra2 Kg7 49.Bd5 Rh8 50.b3 Rh5
51.Kf1 Rg5 52.Ra8 Bh3+ 53.Ke2 Rg2+ 54.Kd3 Rxh2 55.Kc4 Rc2+ 56.Kb4 Bc5+ 57.Kb5 Bd7+
58.Ka6 Ra2+ 59.Kb7 Rxa8 60.Kxa8 Kf8 61.Kb7 f5 62.Bb8 g5 63.Kc7 Ke8 64.Bc6 Bxd6+
65.Kxd6 Bxc6 66.Kxc6 e4 67.fxe4 f4 68.b4  1-0

[Event "BL2-N9495"]
[Site "Germany"]
[Date "1995.??.??"]
[Round "?"]
[White "Kuehn, Peter"]
[Black "Vandrey, Wolfgang"]
[Result "0-1"]
[WhiteElo "2240"]
[BlackElo "2280"]

1.Nc3 c5 2.e4 e6 3.Nge2 Nc6 4.d4 cxd4 5.Nxd4 a6 6.Be3 Nge7 7.Qd2 Nxd4 8.Bxd4 Nc6
9.Be3 b5 10.Bd3 Be7 11.O-O Bb7 12.f4 Rc8 13.a4 b4 14.Ne2 O-O 15.Nd4 Qc7 16.Rad1 f6
17.b3 Nb8 18.Qe2 Bc5 19.Qf2 Qb6 20.Rfe1 Kh8 21.Nf3 Bxe3 22.Rxe3 Nc6 23.Nd2 e5
24.Nc4 Qc7 25.Rh3 h6 26.Ne3 Ne7 27.f5 Rfd8 28.Qh4 d5 29.exd5 Nxd5 30.Nxd5 Rxd5
31.Qxb4 Rd4 32.Qe1 Qc6 33.Rg3 Rcd8 34.Rc1 e4 35.Bc4 Qc5 36.Kh1 Qxf5 37.h3 Qe5  0-1

[Event "NRW-Liga II 9495"]
[Site "Germany"]
[Date "1995.??.??"]
[Round "?"]
[White "Wessendorf, Thomas"]
[Black "Rapatinski, Konstantin"]
[Result "1/2-1/2"]
[WhiteElo "2285"]
[BlackElo "2225"]

1.e4 c5 2.Nf3 e6 3.d4 cxd4 4.Nxd4 Nc6 5.Nc3 Qc7 6.g3 a6 7.Bg2 Nf6 8.O-O Nxd4
9.Qxd4 Bc5 10.Qd3 d6 11.Bf4 e5 12.Bg5 Be6 13.Bxf6 gxf6 14.Nd5 Bxd5 15.Qxd5 Qc6
16.Rad1 Qxd5 17.Rxd5 Ke7 18.h4 Rac8 19.Bh3 Rc6 20.c3 b5 21.a3 Bb6 22.Rfd1 Rd8
23.Kg2 Rc5 24.Bf5 Rxd5 25.Rxd5 h6 26.Bg4 Rb8 27.Be2 Rc8 28.Bd1 Rc4 29.Kf3 Rc5
30.Bb3 Rc8 31.Rd3 Bc5 32.Bd5 Rc7 33.Ke2 a5 34.b4 Bb6 35.Rf3 Rc8 36.Kd2 Bd8
37.g4 Kf8 38.bxa5 Bxa5 39.Rxf6 Rxc3 40.Rxf7+ Ke8 41.Ke2  1/2-1/2

[Event "NRW-Liga II 9495"]
[Site "Germany"]
[Date "1995.??.??"]
[Round "?"]
[White "Blaskowski, Johannes"]
[Black "Diedam, Norbert"]
[Result "1-0"]
[WhiteElo "2300"]
[BlackElo "2255"]

1.e4 c5 2.Nf3 e6 3.d4 cxd4 4.Nxd4 Nc6 5.Nc3 d6 6.Be3 a6 7.Qd2 Nge7 8.O-O-O Nxd4
9.Bxd4 Nc6 10.Be3 b5 11.f4 Be7 12.Kb1 Bb7 13.Qf2 O-O 14.Bd3 Qb8 15.Rhe1 Bf6
16.Ne2 Nb4 17.Ng3 Nxd3 18.Rxd3 Bh4 19.Bd4 e5 20.fxe5 dxe5 21.Bc3 a5 22.Qc5 Qe8
23.Qc7 Bc6 24.Bxe5 Rc8 25.Qd6 Rd8 26.Qc5 Be7 27.Qe3 Bb4 28.Rxd8 Qxd8 29.Bc3 Bxc3
30.Qxc3 Bd7 31.Rd1 Qe8 32.Qxa5 Be6 33.a3 Qb8 34.Qb4 Qe5 35.Qd4 Qg5 36.Qf2 h5
37.Nf5 g6 38.h4 Qf6 39.Qd4 Qxd4 40.Nxd4 Rd8 41.Kc1 Bg4 42.Nf3 Re8 43.Rd4 Kg7
44.Kd2 f6 45.Ke3 Kf7 46.a4 Rc8 47.c3 Rc5 48.axb5 Rxb5 49.b4 g5 50.Rd5  1-0

[Event "BL2-S9495"]
[Site "Germany"]
[Date "1995.??.??"]
[Round "?"]
[White "Arnold, Lothar"]
[Black "Ksieski, Zbigniew"]
[Result "0-1"]
[WhiteElo "2350"]
[BlackElo "2365"]

1.e4 c5 2.Nf3 e6 3.d4 cxd4 4.Nxd4 Nc6 5.Nc3 d6 6.Be3 Nf6 7.f3 Be7 8.Qd2 O-O
9.g4 d5 10.g5 Nd7 11.f4 Nxd4 12.Bxd4 e5 13.Bf2 exf4 14.Nxd5 Bxg5 15.Rg1 Ne5
16.Qc3 Ng4 17.Bd4 f3 18.Qxf3 f5 19.Bc4 fxe4 20.Qc3 Be6 21.Nc7 Bxc4 22.Qxc4+ Kh8
23.Nxa8 Ne5 24.Qc5 Nf3+ 25.Kf1 b6 26.Qb4 Nxd4+ 27.Kg2 Qxa8 28.Qxd4 e3+ 29.Kh3 Qf3+
30.Rg3 Qh5+  0-1